000
00288nam a2200133Ia 4500
008
190216s9999||||xx |||||||||||||| ||und||
100
_a
Subrahmanyam.N
245
0
_a
Programme For Basic
250
_a
2nd Ed.
260
_b
Null
_c
1984
300
_a
180
650
_a
Computer
942
_c
BK
999
_c
8341
_d
8341